Trắc nghiệm kiến thức tiếng Anh 11

Salvato in:
Dettagli Bibliografici
Autore principale: Nguyễn, Tường Huy
Natura: Libro
Lingua:Undetermined
Pubblicazione: Hà Nội Giáo dục 2008
Soggetti:
Tags: Aggiungi Tag
Nessun Tag, puoi essere il primo ad aggiungerne! !
Thư viện lưu trữ: Trung tâm Học liệu Trường Đại học Cần Thơ
LEADER 00656nam a2200205Ia 4500
001 CTU_197577
008 210402s9999 xx 000 0 und d
020 |c 18500 
082 |a 428.0076 
082 |b H523 
100 |a Nguyễn, Tường Huy 
245 0 |a Trắc nghiệm kiến thức tiếng Anh 11 
245 0 |c Nguyễn Tường Huy, Nguyễn Hữu Long 
260 |a Hà Nội 
260 |b Giáo dục 
260 |c 2008 
650 |a English language,Tiếng Anh 
650 |x Problems, exercises, etc,Câu hỏi và bài tập 
904 |i Hải 
980 |a Trung tâm Học liệu Trường Đại học Cần Thơ